Daryl Hall & John Oates - Out of Touch (lyrics) - Statistics

General Stats
  • This quiz has been taken 192 times
  • The average score is 310 of 410
Answer Stats
Lyrics % Correct
to
100%
I'm
97%
You're
97%
you're
97%
(You're
97%
a
94%
head
94%
my
94%
of
94%
out
94%
Out
94%
(Out
94%
touch
94%
when
94%
When
94%
not
88%
Not
88%
time
88%
(Time)
88%
time)
88%
around
85%
But
85%
the
76%
The
76%
me
74%
we
74%
that
71%
so
68%
all
65%
go
65%
in
65%
is
62%
it
62%
as
59%
be
59%
Oh
59%
(Oh
59%
up
59%
where
59%
And
56%
and
56%
We're
56%
(We're
56%
know
53%
look
53%
see
53%
yeah
50%
yeah)
50%
Yeah
50%
for
47%
much
47%
really
47%
Too
47%
too
47%
use
47%
alone
44%
matters
44%
are
41%
can
41%
if
41%
didn't
38%
Smoking
38%
Take
38%
used
38%
bodies
35%
fantasy
35%
guns
35%
hot
35%
Shake
35%
them
35%
two
35%
between
32%
down
32%
Ooh
32%
soul
32%
still
32%
wakin'
32%
girl)
29%
girl
29%
one
29%
shades
29%
something
29%
Would
29%
Broken
26%
broken
26%
cold
26%
colors
26%
extremes
26%
Looking
26%
love
26%
Using
26%
cool
24%
dreams
24%
hold
24%
hold)
24%
times
24%
aren't
21%
ice
21%
melts
21%
middle
21%
'round)
21%
sun
21%
climate
18%
livin'
18%
(Reach
18%
Reachin'
18%
again
15%
drowsy
15%
moves
15%
oh-oh-oh
15%
often
12%
Or
12%
Wow
12%
Manic
9%
(Focus)
0%
No matching quizzes found
Score Distribution
Percent of People with Each Score
Percentile by Number Answered
Your Score History
You have not taken this quiz